पाकिस्तान का मतलब क्या (Record no. 1019310)

MARC details
000 -LEADER
fixed length control field 01001nam a2200277Ia 4500
003 - CONTROL NUMBER IDENTIFIER
control field OSt
005 - DATE AND TIME OF LATEST TRANSACTION
control field 20221005110608.0
008 - FIXED-LENGTH DATA ELEMENTS--GENERAL INFORMATION
fixed length control field 221004b |||||||| |||| 00| 0 hin d
020 ## - INTERNATIONAL STANDARD BOOK NUMBER
International Standard Book Number 9789326350563 (hbk)
037 ## - SOURCE OF ACQUISITION
Terms of availability Textual
040 ## - CATALOGING SOURCE
Original cataloging agency CRL
Transcribing agency CRL
Language of cataloging hin
041 ## - LANGUAGE CODE
Source of code hin
Language code of text/sound track or separate title hin
100 ## - MAIN ENTRY--PERSONAL NAME
Personal name वजाहत, असगर
245 #0 - TITLE STATEMENT
Title पाकिस्तान का मतलब क्या
246 ## - VARYING FORM OF TITLE
Title proper/short title Pākistān kā matalab kyā
260 ## - PUBLICATION, DISTRIBUTION, ETC.
Place of publication, distribution, etc. नई दिल्ली
Name of publisher, distributor, etc. भारतीय ज्ञानपीठ भारत
Date of publication, distribution, etc. 2012
300 ## - PHYSICAL DESCRIPTION
Extent 103पृ0
Dimensions cm.
490 ## - SERIES STATEMENT
Series statement लोकोदय ग्रन्थमाला
650 ## - SUBJECT ADDED ENTRY--TOPICAL TERM
Topical term or geographic name entry element भारतीय-भूगोल
942 ## - ADDED ENTRY ELEMENTS (KOHA)
Classification part U8.44Q7, 152Q2
Koha item type Textual
Source of classification or shelving scheme
Holdings
Withdrawn status Lost status Damaged status Not for loan Home library Current library Date acquired Source of acquisition Cost, normal purchase price Total Checkouts Full call number Barcode Date last seen Cost, replacement price Price effective from Koha item type
        Central Library Central Library 2022-10-05 218, 28/11/2013, Eastern Book Linkers 120.00   U8.44Q7 152Q2 CL1564641 2022-10-05 120.00 2022-10-05 Textual
Copyright @ Delhi University Library System